[Event "World Seniors"]
[Site "Gladenbach GER"]
[Date "1999.11.16"]
[Round "8"]
[White "Uhlmann,W"]
[Black "Bagirov,V"]
[Result "1-0"]
[WhiteElo "2461"]
[BlackElo "2471"]

1.c4 b6 2.Nc3 Bb7 3.e4 e6 4.Nf3 Bb4 5.Qb3 Na6 6.Be2 Ne7 7.O-O O-O 8.d3 Ng6
9.a3 Bd6 10.d4 c5 11.Qd1 Qb8 12.d5 Re8 13.Bd3 Bf4 14.Bxf4 Qxf4 15.Nb5 Qb8
16.h4 d6 17.h5 Nf4 18.h6 g6 19.g3 Nh5 20.dxe6 Rxe6 21.Ng5 Re7 22.Be2 Qf8
23.Nxd6 Rd8 24.Bxh5 gxh5 25.e5 f6 26.f4 Qxh6 27.Ndf7 Qf8 28.Qxd8 fxg5 29.Nh6+ Kg7
30.Qxe7+ Qxe7 31.Nf5+ Kf8 32.Nxe7 Kxe7 33.f5 Nc7 34.Rad1 Bc8 35.Rd6 Ne8 36.Rh6 Kf8
37.Rxh7  1-0

[Event "ch-ARG Najdorf mem"]
[Site "Buenos Aires ARG"]
[Date "1999.12.03"]
[Round "12"]
[White "Fiorito,F"]
[Black "Hoffman,A"]
[Result "1-0"]
[WhiteElo "2440"]
[BlackElo "2524"]

1.c4 b6 2.Nc3 Bb7 3.Nf3 c5 4.e4 d6 5.d4 cxd4 6.Nxd4 Nf6 7.Qe2 e6 8.g3 Be7
9.Bg2 O-O 10.O-O Qc7 11.b3 Nbd7 12.Bb2 a6 13.Rad1 Rfe8 14.f4 Bf8 15.Kh1 Nc5
16.e5 dxe5 17.fxe5 Bxg2+ 18.Kxg2 Nfd7 19.Nf3 h6 20.Rd4 Rad8 21.b4 Nb7 22.a3 Nb8
23.Rf4 Rd7 24.Ne4 Red8 25.g4 Be7 26.h4 a5 27.g5 h5 28.Kh1 axb4 29.axb4 g6
30.Qf2 Bxb4 31.Nf6+ Kg7 32.Nxd7 Rxd7 33.Nd4 Bc5 34.Qf3 Bxd4 35.Bxd4 Nc6 36.Bxb6 Nxe5
37.Bxc7 Nxf3 38.Bb6 Nd2 39.Rd1 e5 40.Rf2 Rd6 41.c5 Ne4 42.cxd6 Nxf2+ 43.Bxf2  1-0

[Event "Eu Team Ch"]
[Site "Batumi GEO"]
[Date "1999.12.07"]
[Round "9"]
[White "Marin,M"]
[Black "Bauer,Ch"]
[Result "1/2-1/2"]
[WhiteElo "2548"]
[BlackElo "2480"]

1.c4 b6 2.d4 Bb7 3.d5 e6 4.a3 exd5 5.cxd5 Nf6 6.Nc3 Bd6 7.Nf3 O-O 8.g3 Na6
9.Bg2 c6 10.O-O cxd5 11.Nh4 Nc7 12.e4 Be5 13.Nxd5 Ncxd5 14.exd5 Re8 15.Nf5  1/2-1/2

[Event "FSIMA December"]
[Site "Budapest HUN"]
[Date "1999.12.10"]
[Round "7"]
[White "Orso,M"]
[Black "Czebe,A"]
[Result "0-1"]
[WhiteElo "2339"]
[BlackElo "2414"]

1.c4 b6 2.Nc3 Bb7 3.Nf3 e6 4.d4 Bb4 5.Bg5 f6 6.Bd2 f5 7.d5 Nf6 8.dxe6 dxe6
9.a3 Bd6 10.Nb5 Ne4 11.Nxd6+ Qxd6 12.Bb4 Qxd1+ 13.Rxd1 c5 14.Bd2 Nxd2 15.Rxd2 Bxf3
16.gxf3 Ke7 17.Rg1 g6 18.f4 Nd7 19.Rg3 Nf6 20.Rgd3 Rad8 21.Rxd8 Rxd8 22.Rxd8 Kxd8
23.e3 Ke7 24.h3 Ne4 25.Bg2 Kf6 26.Bxe4 fxe4 27.Kf1 e5 28.fxe5+ Kxe5 29.Kg2 Kf5
30.Kg3 Kg5 31.Kg2 Kh4 32.f4 exf3+ 33.Kxf3 g5 34.e4 h5 35.e5 g4+ 36.Ke2 Kg5
37.hxg4 hxg4 38.Ke3 Kf5  0-1

[Event "ch-ROM"]
[Site "Lasi ROM"]
[Date "1999.12.14"]
[Round "2"]
[White "Rogozenko,D"]
[Black "Ionescu,Co"]
[Result "0-1"]
[WhiteElo "2576"]
[BlackElo "2434"]

1.c4 b6 2.d4 e6 3.a3 g6 4.e4 Bg7 5.Nf3 Ne7 6.d5 O-O 7.Be2 f5 8.exf5 Nxf5
9.O-O c5 10.Nc3 Bb7 11.Bg5 Qc8 12.Qd2 exd5 13.Nxd5 Nc6 14.Bd3 Kh8 15.Rae1 d6
16.Bf4 Qd7 17.Bc2 Rae8 18.Ba4 Qc8 19.Rxe8 Rxe8 20.Ng5 Rf8 21.Bxc6 Bxc6 22.Re1 Re8
23.Nf7+ Kg8 24.Rxe8+ Qxe8 25.Nxd6 Nxd6 26.Bxd6 Qe4 27.h3 Kf7 28.b3 Bd4 29.Qf4+ Qxf4
30.Bxf4 b5 31.Kf1 a5 32.Ke2 a4 33.bxa4 bxc4 34.Ne3 Bxa4 35.Nxc4 Bb5 36.Kd3 Ke6
37.a4 Ba6 38.a5 Kd5  0-1

[Event "107th ch-NZL"]
[Site "Auckland NZL"]
[Date "1999.12.29"]
[Round "2"]
[White "Bjelobrk,I"]
[Black "Garbett,P"]
[Result "0-1"]
[WhiteElo "2112"]
[BlackElo "2360"]

1.c4 b6 2.d4 Bb7 3.f3 e5 4.dxe5 Qh4+ 5.g3 Qxc4 6.e4 Bb4+ 7.Bd2 Qd4 8.Bxb4 Qxb4+
9.Qd2 Qe7 10.Nc3 Qxe5 11.O-O-O Nf6 12.f4 Qc5 13.Bg2 Nxe4 14.Qe2 f5 15.Kb1 d5
16.Nxe4 dxe4 17.Rc1 Qd5 18.Rxc7 Ba6 19.Qe1 O-O 20.Nh3 Nc6 21.g4 Rac8 22.Rxc8 Rxc8
23.Nf2 Bd3+ 24.Nxd3 Qxd3+ 25.Ka1 Nd4 26.Qd1 Qxd1+ 27.Rxd1 e3 28.Kb1 e2 29.Re1 fxg4
30.Bd5+ Kf8 31.Be4 h5 32.Bg6 h4  0-1

[Event "Weihnachtsopen"]
[Site "Zurich SUI"]
[Date "1999.12.29"]
[Round "5"]
[White "Laske,E"]
[Black "Czebe,A"]
[Result "0-1"]
[WhiteElo "2053"]
[BlackElo "2414"]

1.c4 b6 2.Nc3 Bb7 3.e4 e6 4.a3 c5 5.Nf3 Nf6 6.Bd3 d6 7.O-O Be7 8.Bc2 O-O
9.d4 cxd4 10.Nxd4 Nbd7 11.f4 Rc8 12.Qe2 Qc7 13.b3 Rfe8 14.Bb2 Bf8 15.Rac1 g6
16.Nf3 a6 17.Kh1 Bg7 18.Nd1 Qb8 19.Nf2 Qa8 20.Ba1 d5 21.e5 Nh5 22.Nh3 Bf8
23.Nfg5 dxc4 24.Nxh7 cxb3 25.Nxf8 Rxf8 26.Bxb3 Nc5 27.Bc2 Ne4 28.Kg1 b5 29.Bd4 Rfd8
30.Be3 Ng7 31.Nf2 Nc3 32.Qg4 Na2 33.Qg5 Nxc1 34.Rxc1 Nf5 35.Ng4 Nxe3 36.Nf6+ Kf8
37.Nh7+ Kg7 38.f5 Rxc2 39.f6+ Kg8 40.Rxc2 Nxc2  0-1

[Event "Weihnachtsopen"]
[Site "Zurich SUI"]
[Date "1999.12.29"]
[Round "5"]
[White "Mikhalevski,V"]
[Black "Bunzmann,D"]
[Result "1/2-1/2"]
[WhiteElo "2516"]
[BlackElo "2596"]

1.c4 b6 2.d4 e6 3.a3 Bb7 4.Nc3 f5 5.d5 Be7 6.g3 Bf6 7.Bd2 c6 8.e4 cxd5 9.exd5 Na6
10.Nh3 Nc5 11.Nf4 Qe7 12.Bg2 exd5+ 13.Kf1 dxc4 14.Nfd5 Qd8 15.Qe2+ Kf8 16.Bf4 Bxc3
17.Bd6+ Kf7 18.Bxc5 Rc8 19.Bd6 Bf6 20.Re1 b5 21.Qd2 h5 22.h4 Bc6 23.Qf4 Kg6
24.Bc7 Qf8 25.Qxf5+ Kxf5 26.Be4+ Ke6 27.Nf4+ Ke7 28.Bh7+ Be5 29.Rxe5+ Kf7
30.Bg6+ Kf6 31.Rf5+ Ke7 32.Re5+ Kf6 33.Rf5+  1/2-1/2

[Event "Cannes op"]
[Site "Cannes"]
[Date "1999.??.??"]
[Round "6"]
[White "Banas, Jan"]
[Black "Chatalbashev, Boris"]
[Result "1/2-1/2"]
[WhiteElo "2416"]
[BlackElo "2524"]

1.c4 b6 2.Nc3 Bb7 3.e4 e6 4.Nf3 c5 5.Bd3 Nc6 6.O-O Nge7 7.Bc2 Ng6 8.d4 cxd4
9.Nxd4 Be7 10.Be3 O-O 11.b3 Nxd4 12.Bxd4 e5 13.Be3 Bg5 14.Qd2 Bxe3 15.Qxe3 Nf4
16.Bd1 d6 17.Bf3 Ne6 18.Rad1 Qe7 19.g3 Rad8 20.Rd2 Bc6 21.Rfd1 Kh8 22.Bg2 g5
23.Bh3 h6 24.Bxe6 Qxe6 25.Nb5  1/2-1/2

[Event "Cannes op"]
[Site "Cannes"]
[Date "1999.??.??"]
[Round "8"]
[White "Chabanon, Jean Luc"]
[Black "Sulava, Nenad"]
[Result "1-0"]
[WhiteElo "2468"]
[BlackElo "2466"]

1.c4 b6 2.d4 Bb7 3.Nc3 e6 4.e4 Bb4 5.Qc2 Ne7 6.Bd2 f5 7.f3 Nbc6 8.Nge2 fxe4
9.fxe4 O-O 10.O-O-O a5 11.Be3 Kh8 12.a3 Bxc3 13.Nxc3 d5 14.Bd3 dxe4 15.Bxe4 Nf5
16.Bxf5 exf5 17.Rhe1 f4 18.Bf2 Bc8 19.Qe4 Bd7 20.d5 Nb8 21.Bd4 Rf7 22.d6 c5
23.Qxa8 Bc6 24.d7 Rf8 25.Bxg7+ Kxg7 26.Qa7 Nxd7 27.Re6 Rf7 28.Rxc6 Qe8 29.Rc7  1-0

[Event "Canovelles opA"]
[Site "Canovelles"]
[Date "1999.??.??"]
[Round "6"]
[White "Sorroche Martin, Jose Maria"]
[Black "Munoz Gallego, X."]
[Result "0-1"]
[WhiteElo "2270"]
[BlackElo "2190"]

1.c4 b6 2.Nc3 Bb7 3.e4 c5 4.Nf3 Nc6 5.d4 cxd4 6.Nxd4 g6 7.Bf4 d6 8.Nxc6 Bxc6
9.Qd4 f6 10.Qd2 Qd7 11.a4 e5 12.Be3 f5 13.exf5 gxf5 14.f4 Nf6 15.a5 Qe6 16.fxe5 Ng4
17.Be2 Nxe3 18.Qxe3 Bh6 19.Qh3 dxe5 20.Nd5 O-O 21.Qg3+ Kh8 22.Nc7 Qd6 23.Nxa8 Bd2+
24.Kf1 Rg8 25.Qf2 Bxg2+ 26.Qxg2 Rxg2 27.Kxg2 Qc6+ 28.Bf3 e4 29.Bh5 f4 30.axb6 f3+
31.Bxf3 exf3+ 32.Kf2 Qc5+ 33.Kg3 Qg5+ 34.Kxf3 Qe3+ 35.Kg2 Qe2+ 36.Kg3 Qe3+
37.Kg2 Qe4+ 38.Kf2 Qe3+ 39.Kg2 Qe4+ 40.Kf2 Be3+ 41.Ke2 Bxb6+ 42.Kd2 Qd4+
43.Kc2 Qxc4+ 44.Kb1 Qd3+ 45.Ka2 Qd5+ 46.Ka3 Qxa8 47.Rhf1 Qg2 48.Rad1 Qxh2
49.Rd7 Qh3+  0-1

[Event "Espe Cup"]
[Site "ECU"]
[Date "1999.??.??"]
[Round "?"]
[White "Mera Cedeno, Angel"]
[Black "Munoz, Hugo"]
[Result "1/2-1/2"]
[WhiteElo "2365"]
[BlackElo "2215"]

1.c4 b6 2.Nc3 c5 3.g3 Bb7 4.e4 d6 5.Bg2 e6 6.Nge2 Nd7 7.O-O a6 8.b3 Qc7 9.d4 cxd4
10.Nxd4 Ngf6 11.Re1 Be7 12.Bb2 O-O 13.Qe2 Rac8 14.Rad1 Rfd8 15.g4 g6 16.Rd3 Nc5
17.Rh3 e5 18.Nd5 Nxd5 19.exd5 Bg5 20.Nf3 Bf4 21.Bc1 Bxc1 22.Rxc1 f6 23.Nd2 Qf7
24.b4 Nd7 25.Ne4 Qe7 26.Rcc3 Rf8 27.Qd2 Rf7 28.Rhg3 Kh8 29.Qh6 a5 30.a3 axb4
31.axb4 Nf8 32.h4 f5 33.gxf5 Rxf5 34.Rg5 Rf4 35.h5 Rh4 36.Rh3 Rxh3 37.Bxh3 Rxc4
38.hxg6 Qg7 39.Qxg7+ Kxg7 40.gxh7+ Kxh7 41.Nf6+ Kh6 42.Rg8 Ng6 43.Rb8 Rc7
44.Be6 Nf4 45.Kh2 Kg6 46.Ne8 Rh7+ 47.Kg3 Bxd5 48.Bxd5 Nxd5 49.Nxd6 Kg5 50.f3 Rc7
51.Rg8+ Kh5 52.Re8 Rg7+ 53.Kf2 Re7 54.Rxe7 Nxe7 55.b5 Nd5 56.Nc4 Nc7 57.Nxb6 Nxb5
58.Nc4 Nd4 59.Nxe5 Nxf3 60.Kxf3  1/2-1/2

[Event "Espe Cup"]
[Site "ECU"]
[Date "1999.??.??"]
[Round "?"]
[White "Moreira, Jairo"]
[Black "Munoz, Hugo"]
[Result "1/2-1/2"]
[WhiteElo "2330"]
[BlackElo "2215"]

1.c4 b6 2.Nc3 c5 3.Nf3 e6 4.e4 d6 5.d4 cxd4 6.Nxd4 Bb7 7.Be2 Nf6 8.f3 a6
9.Be3 Nbd7 10.O-O Qc7 11.a4 Be7 12.a5 O-O 13.Nb3 Nc5 14.axb6 Qxb6 15.Nxc5 dxc5
16.e5 Rfd8 17.Qc2 Nd7 18.f4 g6 19.b4 Qc7 20.b5 axb5 21.Nxb5 Qb8 22.Rab1 Ra6
23.Rb3 Qa8 24.Nc7 Ra2 25.Rb2 Rxb2 26.Qxb2 Qc8 27.Nb5 Qc6 28.Bf3 Qb6 29.Qf2 Bxf3
30.Qxf3 Nb8 31.Rd1 Rxd1+  1/2-1/2

[Event "Tres Peons op"]
[Site "ESP"]
[Date "1999.??.??"]
[Round "6"]
[White "Vidarte Morales, Arturo"]
[Black "Jerez Perez, Alfonso"]
[Result "0-1"]
[WhiteElo "2425"]
[BlackElo "2405"]

1.c4 b6 2.Nf3 Bb7 3.g3 Nf6 4.Bg2 g6 5.d4 Bg7 6.Nc3 d5 7.Bg5 dxc4 8.Qa4+ Nbd7
9.O-O O-O 10.Rfd1 h6 11.Bf4 Nd5 12.Qxc4 Nxf4 13.gxf4 c5 14.d5 Nf6 15.Ne5 Qc8
16.a4 Kh7 17.a5 Qf5 18.a6 Bc8 19.Nc6 e6 20.Ne7 Qg4 21.d6 Bd7 22.e3 Rfd8 23.Nb5 Bxb5
24.Qxb5 Qh4 25.Qe2 Ne8 26.Nc6 Rd7 27.Rac1 f5 28.Qc4 Nxd6 29.Qxe6 Ne4 30.Bxe4 Qg4+
31.Kf1 Rxd1+ 32.Rxd1 Qxd1+ 33.Kg2 fxe4 34.Ne7 Qf3+ 35.Kf1 Qd1+ 36.Kg2 Qf3+
37.Kf1  0-1

[Event "Gent op 22nd"]
[Site "Gent"]
[Date "1999.??.??"]
[Round "8"]
[White "Cekro, Ekrem"]
[Black "Hoogendoorn, Joost"]
[Result "1-0"]
[WhiteElo "2415"]
[BlackElo "2350"]

1.c4 b6 2.Nc3 Bb7 3.e4 c5 4.g3 d6 5.Bg2 Nf6 6.Nge2 Nbd7 7.O-O e6 8.b3 a6
9.d4 cxd4 10.Nxd4 Qc7 11.Bb2 Be7 12.Qe2 O-O 13.Rad1 Rfe8 14.Rfe1 Rac8 15.h3 Qb8
16.Kh2 Bf8 17.Nc2 Qa8 18.Rd2 Qb8 19.f4 g6 20.e5 Bxg2 21.Kxg2 Nh5 22.Ne4 d5
23.cxd5 exd5 24.Rxd5 Qb7 25.Red1 Nc5 26.Nxc5 Rxc5 27.Qd3 Bh6 28.Kf3 f6 29.b4 fxe5
30.Bxe5 Rxd5 31.Qxd5+ Qxd5+ 32.Rxd5 Rc8 33.Ne3 Bf8 34.Rd7 Bg7 35.Nd5 Rc2
36.g4 Bxe5 37.fxe5 Ng7 38.Nf6+ Kf8 39.Nxh7+ Kg8 40.Ng5 Ne8 41.e6 Rc3+ 42.Ke2 Rc2+
43.Kd3 Rxa2 44.e7 Ra3+ 45.Kd4  1-0

[Event "NRW-Liga I 9899"]
[Site "GER"]
[Date "1999.??.??"]
[Round "6"]
[White "Petzold, Klaus"]
[Black "Keller, Thomas"]
[Result "0-1"]
[WhiteElo "2285"]
[BlackElo "2250"]

1.c4 b6 2.Nc3 c5 3.Nf3 Bb7 4.g3 Bxf3 5.exf3 Nc6 6.Bg2 g6 7.a3 Bg7 8.f4 Nh6
9.b4 O-O 10.O-O Rc8 11.bxc5 bxc5 12.Qa4 Rb8 13.Ra2 Nf5 14.Bb2 Qb6 15.Ba1 Nfd4
16.Rb2 Qa5 17.Bxc6 Nxc6 18.Rb5 Rxb5 19.Qxb5 Qxa3 20.Qb7 Rd8 21.Nb5 Qa5 22.Bxg7 Kxg7
23.Nc3 Qb4 24.Qa6 Rb8 25.Ra1 Qb7 26.Qa2 Qb2 27.Qxb2 Rxb2 28.Na4 Rxd2 29.Nxc5 a5
30.Nb7 Rc2 31.Nxa5 Nxa5 32.Rxa5 Rxc4 33.Rd5 d6 34.Kf1 Rc2 35.Rd3 Kf6 36.Rd4 h5
37.h3 Ke6 38.h4 d5 39.Ra4 Kf5 40.Kg2 Rc7 41.Kf3 Rd7 42.Rd4 f6 43.Ke3 e6 44.Kf3 Rc7
45.Ra4 Rc3+ 46.Kg2 Rc6 47.Kf3 e5 48.fxe5 fxe5 49.Ra8 Rc3+ 50.Ke2 d4 51.Rf8+ Ke4
52.f3+ Kd5 53.Rf6 Rc6 54.Rf8 Rc2+ 55.Kd3 Rg2 56.Ra8 Rf2 57.Ra5+ Ke6 58.Ra6+ Kf5
59.g4+ Kf4 60.Rf6+ Kg3 61.Rxg6 Rxf3+ 62.Ke4 Rf4+ 63.Kxe5 Rxg4 64.Rh6 Rxh4
65.Kd5 d3  0-1

[Event "Hessen-ch int"]
[Site "Hessen"]
[Date "1999.??.??"]
[Round "3"]
[White "Nadenau, Oskar"]
[Black "Krafzik, Joachim"]
[Result "1/2-1/2"]
[WhiteElo "2085"]
[BlackElo "1940"]

1.c4 b6 2.e4 Bb7 3.Nc3 e6 4.a3 Nf6 5.f3 d5 6.cxd5 exd5 7.exd5 Nxd5 8.Bb5+ c6
9.Qe2+ Be7 10.Nxd5 Qxd5 11.Bc4 Qd7 12.Qd3 O-O 13.Ne2 Qc7 14.Qf5 Ba6 15.Bxa6 Nxa6
16.d4 Bd6 17.Qd3 Nb8 18.g3 Re8 19.Kf2 Nd7 20.Bd2 Nf6 21.Nc3 Rad8 22.Qc2 Qd7
23.Bg5 Be7 24.Be3 Bd6 25.Bg5 Be7 26.Be3 h6 27.Rad1 Bd6 28.Rhe1 Qh3 29.Kg1 Qh5
30.Kg2 c5 31.dxc5 Bxc5 32.Bxc5 Qxc5 33.Rxd8 Rxd8 34.Re2 b5 35.Ne4 Nxe4 36.Qxe4  1/2-1/2

[Event "Mancha Real-B 2nd"]
[Site "Mancha Real"]
[Date "1999.??.??"]
[Round "6"]
[White "Castilla Ayllon, Juan"]
[Black "Vera, Reynaldo"]
[Result "0-1"]
[WhiteElo "2010"]
[BlackElo "2535"]

1.c4 b6 2.b4 Bb7 3.Bb2 e6 4.a3 f5 5.e3 Nf6 6.Nf3 Be7 7.Be2 O-O 8.O-O Qe8
9.Nc3 d6 10.d4 Ne4 11.Qb3 Nd7 12.Rfd1 Ndf6 13.Nb5 Bd8 14.a4 Ng4 15.Rf1 a6
16.Nc3 a5 17.bxa5 Rxa5 18.Nb5 Qh5 19.Qd1 Ng5 20.h4 Nxf3+ 21.Bxf3 Qxh4 22.Bxg4 fxg4
23.d5 Rf5 24.g3 Qh3 25.Qd4 Bf6 26.Qe4 Rh5  0-1

[Event "GER-ch U14"]
[Site "Oberhof"]
[Date "1999.??.??"]
[Round "?"]
[White "Schlichthaar, Robert"]
[Black "Werner, Daniel"]
[Result "1/2-1/2"]
[WhiteElo "1785"]
[BlackElo "1760"]

1.c4 b6 2.b3 Bb7 3.Bb2 e6 4.e3 Nf6 5.Nf3 Be7 6.Be2 O-O 7.O-O c5 8.d4 cxd4
9.Nxd4 d5 10.Bf3 Nbd7 11.Nc3 Nc5 12.cxd5 Nxd5 13.Nxd5 Bxd5 14.Bxd5 Qxd5 15.Qe2 Rac8
16.Rfd1 Rfd8 17.Qg4 Qg5 18.Qxg5 Bxg5 19.Nf3 Bf6 20.Bxf6 gxf6 21.Kf1 Kf8 22.Ke2 Ke7
23.Rxd8 Rxd8 24.Rc1 Rd7 25.Nd4 e5 26.Nf5+ Ke6 27.g4 Rc7 28.Rd1 Rd7 29.Rc1 Rc7
30.Rd1 Rd7 31.Rc1  1/2-1/2

[Event "GER-ch U14"]
[Site "Oberhof"]
[Date "1999.??.??"]
[Round "?"]
[White "Schlichthaar, Robert"]
[Black "Gasthofer, Alexander"]
[Result "0-1"]
[WhiteElo "1785"]
[BlackElo "2200"]

1.c4 b6 2.b3 Bb7 3.Bb2 e6 4.e3 Nf6 5.Nf3 Be7 6.Be2 O-O 7.O-O a5 8.Nc3 Na6
9.d4 Ne4 10.Rc1 f5 11.d5 Bf6 12.dxe6 dxe6 13.Nd4 Qe7 14.Bf3 c5 15.Bxe4 cxd4
16.Bxb7 dxc3 17.Bxa8 cxb2 18.Rc2 Rxa8 19.Qf3 Rd8 20.e4 Qb7 21.Re2 fxe4  0-1

[Event "Zagreb op"]
[Site "Zagreb"]
[Date "1999.??.??"]
[Round "5"]
[White "Kovacevic, Blazimir"]
[Black "Lovric, Branko"]
[Result "1-0"]
[WhiteElo "2429"]
[BlackElo "2316"]

1.c4 b6 2.d4 e6 3.a3 f5 4.Nc3 Nf6 5.g3 Bb7 6.d5 b5 7.Qb3 Na6 8.Be3 Ng4 9.Nxb5 Nc5
10.Bxc5 Bxc5 11.Nh3 Rb8 12.Qc3 O-O 13.Bg2 c6 14.b4 Be7 15.Nd4 cxd5 16.cxd5 Nf6
17.O-O Bxd5 18.Nxf5 Bxg2 19.Nxe7+ Qxe7 20.Kxg2 Nd5 21.Qd4 a5 22.e4 Nf6 23.Rab1 axb4
24.axb4 Rb5 25.Nf4 Rfb8 26.Nd3 d5 27.e5 Ne4 28.Rb2 Ng5 29.h4 Nf7 30.Ra1 Nh6
31.Ra7 Nf5 32.Rxe7 Nxd4 33.Ra2 R5b7 34.Ra7 Rxa7 35.Rxa7 Nc6 36.Ra6 Nd4 37.Nf4 Kf7
38.Ra7+ Kf8 39.Nd3 Nc6 40.Ra6 Nd4 41.Nc5 Kf7 42.Ra7+ Kg8 43.Re7 Rb6 44.Rb7 Rxb7
45.Nxb7 Kf8 46.f4 Nb5 47.Nc5 Ke7 48.h5 Kf7 49.g4 Ke7 50.Kf2 Nd4 51.Nd3 g6
52.h6 Kd7 53.Ne1 Nc6 54.Nf3 Ne7 55.Ke3 Ng8 56.g5 Ne7 57.Nd4 Nc8 58.Nf3 Ne7
59.Nh2 Ke8 60.Ng4 Kf7 61.Nf6  1-0

[Event "It A"]
[Site "Paretana ESP"]
[Date "2000.01.03"]
[Round "6"]
[White "Vidarte Morales,A"]
[Black "Narciso Dublan,M"]
[Result "1/2-1/2"]
[WhiteElo "2424"]
[BlackElo "2447"]

1.c4 b6 2.d4 e6 3.Nc3 Bb7 4.Nf3 Bb4 5.Bg5 Nf6 6.e3 h6 7.Bh4 g5 8.Bg3 Ne4
9.Qc2 Bxc3+ 10.bxc3 Nxg3 11.fxg3 g4 12.Nh4 Qg5 13.Qd2 f5 14.Bd3 Nc6 15.O-O O-O
16.Rf4 Ne7 17.Raf1 d5 18.Qe2 dxc4 19.Bxc4 Nd5 20.Nxf5 Nxf4 21.exf4 Qf6 22.Qxg4+ Kh7
23.Nh4 Be4 24.Bxe6 Rae8 25.Bb3 c5 26.h3 cxd4 27.cxd4 Qxd4+ 28.Kh2 Qg7 29.Qd1 Rd8
30.Qe2 Rfe8 31.Bc2 Bxc2 32.Qxc2+ Kg8 33.Nf5 Qf6 34.g4 Kh8 35.Ng3 Re7 36.Nh5 Qd4
37.Rc1 Qd6 38.Qc3+ Kh7 39.Qc2+ Kg8 40.Qb3+ Qe6 41.Qc3 Qxa2 42.g5 Qe6 43.Nf6+ Kf7
44.Ng4 hxg5 45.fxg5 Qd6+ 46.Kh1 Qf4 47.Qc6 Rd6 48.Qc2 Kg7 49.Nf6 Qxg5 50.Qh7+ Kxf6
51.Rf1+ Ke5 52.Re1+ Kf4 53.Qxe7 Qxe7 54.Rxe7 a5 55.Ra7 Rd4 56.Kh2 a4 57.g3+ Kf3
58.h4 b5 59.Kh3 Rd1 60.Rf7+ Ke4 61.Ra7 Ra1 62.h5 b4 63.h6 b3 64.h7 Rh1+ 65.Kg4 Rxh7
66.Rxa4+ Kd3 67.Rb4 Kc3 68.Rb8 b2 69.Kf5 Rh1 70.g4 b1=Q+ 71.Rxb1 Rxb1 72.g5 Kd4
73.g6 Rf1+ 74.Ke6 Rg1 75.Kf7 Ke5 76.g7 Rxg7+  1/2-1/2

[Event "Challengers"]
[Site "Hastings ENG"]
[Date "2000.01.04"]
[Round "7"]
[White "Kelly,B"]
[Black "Plaskett,J"]
[Result "0-1"]
[WhiteElo "2417"]
[BlackElo "2513"]

1.c4 b6 2.Nc3 Bb7 3.e4 e6 4.Nge2 Nf6 5.d3 c5 6.g3 Nc6 7.Bg2 d6 8.O-O Be7
9.h3 a6 10.f4 Rb8 11.Be3 Ba8 12.Qd2 b5 13.g4 O-O 14.g5 Nd7 15.b3 Re8 16.Ng3 Bf8
17.h4 g6 18.Rac1 Bg7 19.Rf2 Nd4 20.Nce2 f5 21.Rff1 a5 22.Nxd4 cxd4 23.Bf2 Nc5
24.Rfe1 Qd7 25.Qd1 e5 26.fxe5 f4 27.e6 Nxe6 28.Nf1 bxc4 29.bxc4 Nc5 30.Nh2 Rb2
31.Re2 Reb8 32.Rec2 Bc6 33.Qe2 Rb1 34.Bf1 Na4 35.Qg4 Rxc1 36.Rxc1 Rb2 37.a3 Rb3
38.Qxd7 Bxd7 39.Nf3 Rxa3 40.Bxd4 Bxd4+ 41.Nxd4 Nc5 42.Nb5 Ra2 43.Nxd6 a4
44.Rb1 Nb3 45.c5 Kf8 46.Bg2 Ke7 47.Nc4 Bb5 48.e5 Nd4 49.Bd5 Ne2+ 50.Kh1 Ng3+
51.Kg1 Ne2+ 52.Kh1 Nc3 53.Nd6 Nxb1 54.Bxa2 Bc6+ 55.Kg1 Nc3 56.Bc4 a3 57.Nc8+ Kd8
58.Nb6 Bb5 59.Bb3 Bxd3 60.Kf2 Ne4+  0-1

[Event "Troll Masters"]
[Site "Gausdal NOR"]
[Date "2000.01.12"]
[Round "4"]
[White "Leer Salvesen,B"]
[Black "Christenson,F"]
[Result "0-1"]
[WhiteElo "2261"]
[BlackElo "2223"]

1.c4 b6 2.Nf3 Bb7 3.b3 e6 4.Bb2 f5 5.g3 Nf6 6.Bg2 Be7 7.O-O O-O 8.d3 Qe8
9.Nbd2 Qh5 10.Qc2 d6 11.e4 fxe4 12.dxe4 Nc6 13.Rae1 e5 14.Nh4 g6 15.Qd3 Nd7
16.Nhf3 Nc5 17.Qb1 a5 18.a3 Bc8 19.Re3 Bg4 20.Bc3 Rf7 21.b4 axb4 22.axb4 Ne6
23.b5 Ncd8 24.Qc2 Ng5 25.Nxg5 Bxg5 26.Ree1 Ne6 27.f3 Bh3 28.Nb3 Raf8 29.Qe2 Bh6
30.Bd2 Bxd2 31.Nxd2 Nd4 32.Qd3 g5 33.Rf2 Rf6 34.Ref1 Bxg2 35.Kxg2 Rh6 36.Kg1 Qh3
37.Qe3 Rg6 38.Nb3 Ne6 39.Nd2 h5 40.Rg2 Kh7 41.Ra1 Nf4 42.Rf2 h4 43.g4 Rgf6
44.Raf1 Ra8 45.Nb1 Ne6 46.Nc3 Ra3 47.Kh1 Rf4 48.Qc1 Rb3 49.Qc2 Nd4 50.Qd3 Kg7
51.Qe3 Rb2 52.Nd5 Nxf3 53.Nxf4 Qxh2+ 54.Rxh2 Rxh2+  0-1

[Event "VII Anibal Open"]
[Site "Linares ESP"]
[Date "2000.01.12"]
[Round "6"]
[White "Fernandez Romero,Ern"]
[Black "Baron Rodriguez,Je"]
[Result "1/2-1/2"]
[WhiteElo "2214"]
[BlackElo "2409"]

1.c4 b6 2.Nc3 Bb7 3.Nf3 e6 4.e3 Nf6 5.b3 Be7 6.Bb2 c5 7.Be2 d6 8.O-O Nbd7
9.d4 O-O 10.h3 a6 11.Rc1 Re8 12.Qd2 Rc8 13.Rfd1 Rc7 14.Qe1 Qa8 15.Qf1 cxd4
16.Nxd4 Nc5 17.Bf3 Rd8 18.Bxb7 Qxb7 19.Qe2 Kf8 20.Qf3 Qxf3 21.Nxf3 Nfe4 22.Nxe4 Nxe4
23.Kf1 f5 24.Ke2 Kf7 25.Nd2 Nc5 26.g4 g6 27.f3 Rcd7 28.gxf5 gxf5 29.Rg1 Bf6
30.Bxf6 Kxf6 31.b4 Na4 32.Nb3 Rc8 33.Rc2 Rdc7 34.Nd2 b5 35.Rgc1 bxc4 36.Rxc4 Rxc4
37.Rxc4 Rxc4 38.Nxc4 Nc3+ 39.Kd2 Nxa2 40.b5 axb5 41.Nxd6 b4 42.Kc2 Kg5 43.Nf7+ Kh4
44.Kb3 h5 45.Kxa2 Kxh3 46.Ng5+ Kg3 47.Kb3 h4 48.Kxb4 f4 49.exf4 Kxf4 50.Nxe6+ Kf5
51.Nd4+ Ke5 52.Ne2 h3 53.Kc4 h2 54.Ng3 Kf4 55.Nh1 Kxf3  1/2-1/2

[Event "Troll Masters"]
[Site "Gausdal NOR"]
[Date "2000.01.13"]
[Round "6"]
[White "Leer Salvesen,B"]
[Black "Rause,O"]
[Result "1-0"]
[WhiteElo "2261"]
[BlackElo "2249"]

1.c4 b6 2.Nf3 Bb7 3.g3 e6 4.Bg2 f5 5.Nc3 Nf6 6.O-O Be7 7.d3 O-O 8.e4 fxe4
9.Ng5 Nc6 10.Ngxe4 Nxe4 11.Nxe4 Nd4 12.Be3 Nf5 13.d4 Nxe3 14.fxe3 Rxf1+ 15.Qxf1 Qe8
16.Qf4 d6 17.Qg4 Qg6 18.Qxg6 hxg6 19.Nc3 Bxg2 20.Kxg2 a6 21.Kf3 Rf8+ 22.Ke2 c6
23.Rf1 Rxf1 24.Kxf1 d5 25.Na4 Bd8 26.c5 b5 27.Nc3 Kf7 28.Kf2 Bf6 29.Ne2 Bd8
30.Nf4 Kf6 31.Nd3 Kf5 32.Kf3 Bc7 33.Nb4 e5 34.Nxa6 Bd8 35.Nb4  1-0

[Event "Troll Masters"]
[Site "Gausdal NOR"]
[Date "2000.01.15"]
[Round "8"]
[White "Hagesaether,P"]
[Black "Gabrielsen,S"]
[Result "0-1"]
[WhiteElo "2271"]
[BlackElo "2295"]

1.c4 b6 2.Nf3 Bb7 3.g3 c5 4.Bg2 Nf6 5.Nc3 e6 6.d4 cxd4 7.Qxd4 d6 8.e4 Be7
9.O-O O-O 10.b3 Nc6 11.Qd2 a6 12.Re1 Qc7 13.Bb2 Rad8 14.Rad1 Rfe8 15.h3 Bf8
16.Qe2 Qb8 17.Kh2 Nd7 18.Nd2 Nc5 19.Nf1 Na7 20.Ne3 b5 21.b4 Nd7 22.cxb5 axb5
23.a3 Nb6 24.Qh5 Nc4 25.Nxc4 bxc4 26.f4 Qc7 27.b5 Qa5 28.a4 Nc8 29.f5 Nb6
30.Rf1 e5 31.Rd2 d5 32.exd5 Nxd5 33.Bxd5 Bxd5 34.Rfd1 Ba8 35.Qh4 Rxd2+ 36.Rxd2 e4
37.Re2 Qb6 38.Qg5 e3 39.a5 Qb7  0-1

[Event "Goodricke Open"]
[Site "Calcutta IND"]
[Date "2000.02.08"]
[Round "3"]
[White "Vakhidov,T"]
[Black "Webster,A"]
[Result "1/2-1/2"]
[WhiteElo "2505"]
[BlackElo "2401"]

1.c4 b6 2.Nc3 Bb7 3.e4 e6 4.Nf3 Bb4 5.Bd3 Ne7 6.a3 Bxc3 7.dxc3 d6 8.O-O Nd7
9.Re1 O-O 10.a4 a5 11.b3 Nc5 12.Bc2 f5 13.exf5 Nxf5 14.b4 axb4 15.cxb4 Na6
16.Rb1 Qf6 17.Be4 Bxe4 18.Rxe4 h6 19.Ba3 Kh8 20.h3 e5 21.c5 bxc5 22.bxc5 Nxc5
23.Bxc5 dxc5 24.Rxe5 Nd4 25.Rxc5 Nxf3+ 26.Qxf3 Qxf3 27.gxf3 Rxa4 28.Rxc7 Ra6  1/2-1/2

[Event "Goodricke Open"]
[Site "Calcutta IND"]
[Date "2000.02.09"]
[Round "4"]
[White "Vaidya,A"]
[Black "Rahman,Zia"]
[Result "0-1"]
[WhiteElo "2261"]
[BlackElo "2465"]

1.c4 b6 2.Nc3 Bb7 3.e4 e6 4.d4 Bb4 5.Bd3 f5 6.Qe2 Nf6 7.f3 Nc6 8.Be3 f4 9.Bf2 e5
10.dxe5 Nxe5 11.Rc1 O-O 12.a3 Bc5 13.Nh3 Bxf2+ 14.Nxf2 d6 15.Nd5 Nfd7 16.O-O c6
17.Nc3 Qh4 18.Rfd1 Rf6 19.h3 h5 20.Nh1 Rg6 21.Kf1 a5 22.Qf2 Qg5 23.Be2 a4
24.Rd2 Nc5 25.Rcd1 Rd8 26.Na2 Qe7 27.Nb4 Rf8 28.Rc2 Bc8 29.Nd3 Ncxd3 30.Bxd3 c5
31.Ke1 Be6 32.Bf1 b5 33.cxb5 Bb3 34.Rcd2 Nd7 35.Rd3 Bxd1 36.Rxd1 Nb6 37.Qc2 d5
38.Nf2 Rd8 39.Rd2 c4 40.Kd1 Re6 41.Kc1 Qc5 42.exd5 Re1+ 43.Rd1 Qe3+ 44.Kb1 Rxd1+
45.Nxd1 Qe1 46.Qe2 Re8  0-1

[Event "Goodricke Open"]
[Site "Calcutta IND"]
[Date "2000.02.15"]
[Round "10"]
[White "Sorokin,M"]
[Black "Lalic,B"]
[Result "1/2-1/2"]
[WhiteElo "2572"]
[BlackElo "2548"]

1.c4 b6 2.Nc3 Bb7 3.e4 e6 4.Nf3 Bb4 5.Bd3 Ne7 6.Ne2 Ng6 7.O-O O-O 8.Bc2 f5
9.d4 Bxe4 10.Bxe4 fxe4 11.Ng5 Be7 12.Nxe4 d5 13.N4c3 dxc4 14.Qa4 Qd7 15.Qxc4 Nc6
16.Be3 Na5 17.Qd3 c6 18.Rac1  1/2-1/2

[Event "Jersey Open"]
[Site "St Helier JCI"]
[Date "2000.02.20"]
[Round "1"]
[White "Kirkwood,R"]
[Black "Plaskett,J"]
[Result "0-1"]
[WhiteElo "2083"]
[BlackElo "2515"]

1.c4 b6 2.Nf3 Bb7 3.g3 Bxf3 4.exf3 c5 5.d4 Nc6 6.d5 Nd4 7.Be3 Nf5 8.Bd2 g6
9.Bc3 Bg7 10.Bxg7 Nxg7 11.Bg2 Nf6 12.Nc3 d6 13.Ne4 Nf5 14.Nxf6+ exf6 15.O-O O-O
16.Bh3 Nd4 17.f4 Re8 18.Bg4 f5 19.Bf3 Qf6 20.b4 cxb4 21.Rb1 a5 22.a3 bxa3
23.Rxb6 a2 24.Kg2 Nxf3 25.Kxf3 Qc3+ 26.Kg2 Rab8 27.Rxb8 Rxb8 28.Qa1 Qxc4  0-1